Polnische Gedenkorte in Sachsen

Titel: Polnische Gedenkorte in Sachsen / Wolfgang Nicht
Verfasser:
In: Sächsische Heimatblätter, Band 62, Heft 2 (2016), Seite 163-173
alle Artikel anzeigen
Veröffentlicht: 2016
Umfang: Illustrationen
Format: Aufsatz
Sprache: Deutsch
Kein Bild verfügbar
X
alg: 43046758
001A    $03025:09-05-18 
001B    $01999:09-05-18 $t22:47:42.000 
001C    $03025:09-05-18 $t11:35:56.000 
001D    $03025:09-05-18 
001U    $0utf8 
001X    $00 
002@    $0Aou 
002C    $aText $btxt $2rdacontent 
002D    $aohne Hilfsmittel zu benutzen $bn $2rdamedia 
002E    $aBand $bnc $2rdacarrier 
003@    $0430467583 
007A    $0430467583 $aHEB 
010@    $ager 
010E    $erda 
011@    $a2016 
021A    $aPolnische Gedenkorte in Sachsen $hWolfgang Nicht 
028A    $BVerfasser $4aut $71078051151 $8Nicht, Wolfgang$Z1944- [Tp3] $9365716588 
031A    $d62 $e2 $h163-173 $j2016 
034M    $aIllustrationen 
039B    $aEnthalten in $8--Abvc--. Sächsische Heimatblätter. - Niederjahna : Zentrum für Kultur, Geschichte, 1958-. - ISSN 0486-8234 $x201600000620002837 $9047686766 
045T    $a8,1 

lok: 43046758 78

exp: 43046758 78 1 #EPN
201B/01 $009-05-18 $t11:35:56.000 
201C/01 $009-05-18 
201U/01 $0utf8 
203@/01 $01021847992 
208@/01 $a09-05-18 $be 
209A/01 $a/ $f000 $x00 
209A/01 $ab*p $x01 
220C/01 $apgar 
244Z/01 $#Generalgouvernement Polen $#Polska $#Rzeczpospolita Polska $#Polska Rzeczpospolita Ludowa $#Poland $#Pologne $#République Polonaise $#Generalne Gubernatorstwo w Polsce $#Polish People's Republic $#Polska Rzeczpospolita Polen $#PRL $#RP $#Polen Generalgouvernement $#Polska Generalgouvernement $#Besetzte Polnische Gebiete $#Besetztes Gebiet in Polen $#Okupowane Polskie Obszary $#Obszary Okupowane w Polsce $#Volksrepublik Polen $#Polska Rosyjska $#Republic Polen $#Respublika Pol'ša $#Pol'skaja Narodnaja Respublika $#République de Pologne $#Polen Links der Weichsel $#Polska po Lewej Stronie Wisły $#Lenkija $#Polija $#Gubernija Carstva Pol'skago $#Republik Polen $74046496-9 $8--Tg1--Polen $x01 $9085129801 
247C/01 $82080>Marburg/Lahn, Herder-Institut, Forschungsbibliothek, Bibliographieportal $9336309341
LEADER 00000caa a2200000 c 4500
001 430467583
003 DE-603
005 20180509224742.0
007 tu
008 180509s2016 xx |||| | u00||u|ger c
035 |a (DE-599)HEB430467583 
040 |a DE-603  |b ger  |c DE-603  |d DE-603  |e rda 
041 |a ger 
084 |a 8,1  |2 ssgn 
100 1 |a Nicht, Wolfgang  |d 1944-  |e Verfasser  |4 aut  |0 (DE-603)365716588  |0 (DE-588)1078051151  |2 gnd 
245 0 0 |a Polnische Gedenkorte in Sachsen  |c Wolfgang Nicht 
264 0 |c 2016 
300 |b Illustrationen 
336 |a Text  |b txt  |2 rdacontent 
337 |a ohne Hilfsmittel zu benutzen  |b n  |2 rdamedia 
338 |a Band  |b nc  |2 rdacarrier 
773 0 8 |i Enthalten in  |t Sächsische Heimatblätter  |d Niederjahna : Zentrum für Kultur, Geschichte, 1958-  |x 0486-8234  |g Band 62, Heft 2 (2016), Seite 163-173  |w (DE-603)047686766  |w (DE-600)504423-6 
924 0 |9 2080  |a (DE-603)1021847992  |b DE-2080  |c HES  |d d  |g /